|
|
|
|
| LEADER |
00000nam a2200000 4500 |
| 003 |
Ucuenca |
| 005 |
20230308225916.0 |
| 008 |
180509b1996 xxu||||| |||| 00| 0 eng d |
| 020 |
|
|
|a 0-8754-903-2
|
| 040 |
|
|
|b spa
|
| 041 |
0 |
|
|a en
|
| 082 |
0 |
|
|a 294.3
|
| 110 |
1 |
|
|9 224043
|a Newark Museum
|
| 245 |
|
|
|a Tibet: a hidden world, 1905-1935
|c Newark Museum
|h imp
|
| 264 |
|
|
|a San Francisco
|b Pomegranate Artbooks
|c 1996
|
| 300 |
|
|
|a 62 páginas:
|b ilu
|c 12x17 cm
|
| 500 |
|
|
|a a book of postcards
|
| 505 |
0 |
|
|a a book of postcards
|
| 650 |
|
0 |
|9 34990
|a Monasterios
|
| 650 |
|
0 |
|9 10368
|a Tibet
|
| 650 |
|
4 |
|a Religión
|9 1164
|
| 942 |
|
|
|2 ddc
|c BK
|z lourdes.naula@ucuenca.edu.ec
|
| 999 |
|
|
|c 154511
|d 154511
|